Top 15 des pays les plus heureux - Statistiques

Statistiques générales
  • Ce quiz a été pris 168 fois
  • Le résultat moyen est 8 sur 15
Statistiques - réponses
note /10 pays % Correct
7,3 Norvège
89%
7,3 Suède
86%
7,7 Finlande
83%
7,6 Danemark
77%
7,1 Suisse
74%
7,5 Islande
70%
6,9 Canada
69%
7,1 Australie
67%
7,3 Pays-bas
61%
71, Luxembourg
52%
7,0 Nouvelle-zelande
51%
6,9 Autriche
33%
7,3 Israël
15%
70, Costa rica
8%
7,0 koweït
2%
Aucun quiz correspondant
Distribution des résultats
% des personnes avec chaque résultat
Percentile par nombre de réponses
Votre historique - résultats
Vous n’avez pas pris ce quiz